000 00681nam a2200205 i 4500
001 130397
003 ES-MaACL
007 t|
008 070727s1975 sp ||||1| spa d
100 1 _aZamora Terrés, Juan.
_9117951
245 1 3 _aLa larga marcha de los trabajadores del mar /
_cJ. Zamora Terrés, J. López Boza.
260 _a[Bilbao :
_bZero,
_c1975]
300 _a88 p. ;
_c17 cm.
490 1 _aColección "Lee y discute" ;
_v53.
_aSerie R
650 1 4 _aTrabajadores del mar-
_zEspaña.
_917586
700 1 _aLópez Boza, J.
_973466
830 0 _aColección "Lee y discute" ;
_v53.
_aSerie R
_9219453
852 _aES-MaACL
_jE-7944
_bR.91958
999 _c130397
_d130397